[Event "Olympiad-44"]
[Site "Chennai"]
[Date "2022.08.06"]
[Round "8.1"]
[White "Cisse, Amadou Lamine"]
[Black "Koumba Mounguengui, Jose Evrard"]
[Result "1-0"]
[WhiteElo "2005"]
[BlackElo "1942"]
[PlyCount "153"]
[EventDate "2022.07.29"]
[EventType "team-swiss"]
[EventRounds "11"]
[EventCountry "IND"]
[SourceTitle "CBM 210"]
[Source "ChessBase"]
[SourceDate "2022.10.31"]
[SourceVersion "1"]
[SourceVersionDate "2022.10.31"]
[SourceQuality "1"]
[WhiteTeam "Senegal"]
[BlackTeam "Gabun"]
[WhiteTeamCountry "SEN"]
[BlackTeamCountry "GAB"]

1. e4 c5 2. d3 Nc6 3. g3 d6 4. Bg2 g6 5. Nf3 Bg7 6. Nbd2 Nh6 7. c3 0-0 8. 0-0 f5 9. Nc4 Ng4 10. exf5 Bxf5 11. Nh4 Be6 12. h3 Nf6 13. Nd2 Qd7 14. Kh2 g5 15. Nhf3 g4 16. Ng5 gxh3 17. Nxe6 hxg2 18. Re1 Ne5 19. Nxf8 Nfg4+ 20. Kxg2 Rxf8 21. f3 Nxd3 22. fxg4 Nxe1+ 23. Qxe1 Qxg4 24. Qe4 Qd1 25. Nf3 d5 26. Qg4 Qe2+ 27. Kh3 Qxf3 28. Qxf3 Rxf3 29. Bf4 e5 30. Kg4 Rf2 31. Be3 Rxb2 32. Bxc5 b6 33. Bb4 a5 34. Bd6 Rc2 35. Rb1 d4 36. cxd4 exd4 37. Rxb6 d3 38. Kf5 Rf2+ 39. Bf4 Rxa2 40. Rb8+ Bf8 41. Rd8 a4 42. Rxd3 a3 43. Rd8 Kf7 44. Rd7+ Ke8 45. Rxh7 Rf2 46. Ra7 Bc5 47. Ra8+ Kd7 48. Ke4 Kc6 49. Rc8+ Kb6 50. Kd5 a2 51. Rc6+ Kb7 52. Rc7+ Ka6 53. Be5 Re2 54. Bg7 Bf2 55. g4 Bg3 56. Rc8 Kb5 57. Ra8 Kb4 58. g5 Bh4 59. g6 Kb3 60. Ba1 Rg2 61. g7 Bd8 62. Rb8+ Ka3 63. Kc4 Rg4+ 64. Kd3 Rg1 65. Bb2+ Ka4 66. Kc4 Rg4+ 67. Kd5 Rg2 68. Bd4 Rd2 69. Ra8+ Ba5 70. g8Q Rxd4+ 71. Kxd4 a1Q+ 72. Ke4 Qe1+ 73. Kd5 Qd1+ 74. Kc5 Qd2 75. Qc4+ Ka3 76. Kb5 Qb2+ 77. Kxa5 1-0